Basic environment education / (Record no. 150214)

MARC details
000 -LEADER
fixed length control field 00634nam a22001937a 4500
005 - DATE AND TIME OF LATEST TRANSACTION
control field 20180228143252.0
010 ## - LCCN (DPL NO)
LC control number ENG-122310
020 ## - INTERNATIONAL STANDARD BOOK NUMBER
International Standard Book Number 9789350301104
Terms of availability 2250.00
035 ## - SYSTEM CONTROL NUMBER
System control number EN-105842
037 ## - SOURCE OF ACQUISITION
Source of stock number/acquisition DBAD/PUB
082 ## - DEWEY DECIMAL CLASSIFICATION NUMBER
Classification number 333.7071
100 ## - MAIN ENTRY--PERSONAL NAME
Personal name Sharma, Shweta
245 ## - TITLE STATEMENT
Title Basic environment education /
Statement of responsibility, etc by Shweta Sharma
260 ## - PUBLICATION, DISTRIBUTION, ETC. (IMPRINT)
Place of publication, distribution, etc New Delhi
Name of publisher, distributor, etc Oxford Book Company
Date of publication, distribution, etc 2012
270 ## - ADDRESS
Address 102, 1st floor, Satyam house, 4327/3, Ansari Road daryaganj
City New Delhi
Postal code 110002
Telephone number 01143001483
Electronic mail address oxfordbook@sify.com
300 ## - PHYSICAL DESCRIPTION
Extent 304p.
Dimensions 25cm(Hbk)
500 ## - GENERAL NOTE
General note It includes index
942 ## - ADDED ENTRY ELEMENTS (KOHA)
Source of classification or shelving scheme Dewey Decimal Classification
Item type English Books
Classification part 333.7071
Call number suffix SHA
Holdings
Withdrawn status Lost status Not for loan Collection code Home library Current library Date acquired Source of acquisition Cost, normal purchase price Full call number Barcode Copy number Cost, replacement price Koha item type
      Non-fiction Sarojini Nagar Sarojini Nagar 28/02/2018 DBAD/PUB 2250.00 333.7071 SHA EN-105842 1 2250.00 English Books

© Delhi Public Library
Hit Counter
free hit counter